3. Liga Stadien 2025/26 - Statistiken

Allgemein
  • Dieses Quiz wurde 58 mal gespielt
  • Das Durchschnittsergebnis liegt bei 7 aus 20
Antwortstatistiken
Bildquiz Antwort % Korrekt
Tivoli
77%
Audisportpark
60%
Schauinsland Reisen Arena
60%
Stadion an der Hafenstraße
58%
Ostseestadion
54%
Stadion an der Bremer Brücke
52%
Dietmar Hopp Stadion
42%
Ludwigspark
42%
Carl Benz Stadion
40%
Donaustadion
40%
Brita Arena
31%
Grünwalderstadion
31%
LEAG Energie Stadion
25%
Sportclub Arena
25%
WIRmachenDRUCK Arena
25%
Jahnstadion Regensburg
17%
Sachsstadion
17%
Eilenriedestadion
13%
Erzgebitgsstadion
0%
Sporetpark Höhenberg
0%
Keine übereinstimmenden Quizze gefunden
Verteilung der Resultate
Anzahl Personen mit jedem Resultat
Perzentil nach korrekt beantworteten Fragen
Ihre Resultats-Entwicklung
Sie haben dieses Quiz noch nicht gespielt